Т. 22 : Германаты четырехвалентных металлов; Кристаллохимия

Detalles Bibliográficos
Parent link:Кристаллохимия/ Академия наук СССР (АН СССР), Всесоюзный институт научной и технической информации (ВИНИТИ). Т. 22 : Германаты четырехвалентных металлов.— , 1966-1993.— 0202-7984
Lenguaje:ruso
Publicado: 1989
Materias:
Formato: MixedMaterials Libro
KOHA link:https://koha.lib.tpu.ru/cgi-bin/koha/opac-detail.pl?biblionumber=252509

MARC

LEADER 00000nam2a2200000 4500
001 252509
005 20231101232746.0
035 |a (RuTPU)RU\TPU\book\274856 
035 |a RU\TPU\book\274853 
090 |a 252509 
100 |a 20140304d1989 k y0rusy50 ca 
101 0 |a rus 
102 |a RU 
105 |a a z 001zy 
200 0 |a Т. 22 : Германаты четырехвалентных металлов 
210 |d 1989 
215 |a 174 с.  |c ил. 
320 |a Библиогр.: с. 167-171 
461 1 |0 (RuTPU)RU\TPU\book\221399  |x 0202-7984  |t Кристаллохимия  |f Академия наук СССР (АН СССР), Всесоюзный институт научной и технической информации (ВИНИТИ)  |v Т. 22 : Германаты четырехвалентных металлов  |d 1966-1993  |s Кристаллохимия 
606 1 |a Кристаллохимия  |2 stltpush  |3 (RuTPU)RU\TPU\subj\16345  |9 42439 
610 1 |a фазовые диаграммы 
610 1 |a германаты 
610 1 |a кристаллические структуры 
610 1 |a структурные единицы 
675 |a 548.3  |v 4 
801 1 |a RU  |b 63413507  |c 20111027 
801 2 |a RU  |b 63413507  |c 20171010  |g RCR 
942 |c BK